000 00780nam a2200205Ii 4500
003 JO-AjNU
008 230605s9999||||xx |||||||||||||| ||und||
040 _aJO-AjNU
_bara
_erda
_cJO-AjNU
041 _aara
050 1 4 _aHG9977.H56 1999
100 3 _aتأليف الحمود، فداء يحيى احمد,
_eauthor
_946796
245 0 0 _aالنظام القانوني لبطاقة الائتمان
250 _aط1
264 3 1 _aعمان : مكتبة دار الثقافة للنشر والتوزيع، 1999
300 _a148ص
_bيحتوي على ملاحق و ببلوغرافية من ص 121-148ص
336 _atext
_btxt
_2rdacontent
337 _aunmediated
_bn
_2rdamedia
338 _avolume
_bnc
_2rdacarrier
650 4 _aاوراق تجارية - الاردن
_946797
999 _aA20384
_c23952
_d23952